000 00301nam a22001337a 4500
008 171020b xxu||||| |||| 00| 0 eng d
020 _a0471838225
041 _aeng
080 _a338
100 _a54
101 _aMEN
245 _aFUNDAMENTALS OF SYSTEMS ANALYSIS
_cFITZGERALD,J
942 _2udc
_cBK
999 _c35173
_d35173